000 00523nam a2200181 a 4500
001 9299
003 CO-ViMGA
008 141112s2004 ck r 000 u spa d
040 _aCO-ViMGA
_bspa
_cCO-ViMGA
082 0 4 _a340.9 M657d
100 1 _aMonroy Cabra ; Marco Gerardo,
_97724
245 1 0 _aTratado de derecho internacional privado.
250 _a5
260 _aSantafé de Bogotá :
_bTemis,
_c1999
300 _a616p.
650 1 4 _aNACIONALIDAD, DERECHO INTERNACIONAL, DERECHO DE FAMILIA.
_910030
942 _2ddc
_cBK
999 _c20832
_d20832